000
00297nam a2200109Ia 4500
008
190902s9999||||xx |||||||||||||| ||und||
100
_a
Irfan Ul-Haque
245
0
_a
Financial Sector of Pakistan and Industrial Financing
260
_a
Karachi
_b
Maaref Printers
_c
1998
300
_a
289
942
_c
BK
999
_c
2796
_d
2796